000
00285nam a22001337a 4500
003
SGT
020
_a
9788123906140
082
_a
615.19
_b
VYA
100
_a
VYAS S.P
245
_a
PHARMACEUTICAL BIOTECHNOLOGY
260
_a
INDIA
_b
CBS PUB
_c
2026
300
_a
674
942
_2
ddc
_c
BK
999
_c
34462
_d
34462